مهارات الحاسوب / (رقم التسجيلة. 108226)

تفاصيل مارك
000 -الفاتح
عناصر البيانات ثابتة الطول 01030cam a22002537i 4500
005 - تاريخ ووقت آخر معاملة
حقل ضبط 20251108173621.0
008 - عناصر البيانات ثابتة الطول
عناصر البيانات ثابتة الطول 250721s2003 jo a gr 000 0 ara d
082 14 - رقم تصنيف ديوي العشري
رقم التصنيف 004
رقم المادة د س و
100 1# - مدخل رئيسي – اسم شخصي
الاسم الشخصي الحمداني, رفاه شهاب.
علاقة الشخص بالعمل/ دوره مؤلف.
245 10 - بيان العنوان
العنوان مهارات الحاسوب /
بيان المسؤولية رفاه شهاب الحمداني ؛ زياد الدسوقي ؛ هيثم الشبلي ؛ احمد النسور ؛ ابراهيم تادرس ؛ محمد اللحام ؛ عارف حسين.
250 ## - بيان الطبعة
بيان الطبعة الطبعة الأولى.
264 1# - بيانات النشر، التوزيع…إلخ
مكان النشر، التوزيع...إلخ عمان :
اسم الناشر، الموزع...إلخ دار المعتز،
تاريخ النشر، التوزيع...إلخ 2003.
300 ## - الوصف المادي
عدد الوحدات المكونة للوعاء 409 صفحة.
650 17 - مدخل إضافي بالموضوع - مصطلح موضوعي
مصطلح موضوعي أو اسم جغرافي كعنصر مدخل الحواسيب.
650 17 - مدخل إضافي بالموضوع - مصطلح موضوعي
مصطلح موضوعي أو اسم جغرافي كعنصر مدخل المهارات.
700 1# - مدخل إضافي - اسم شخصي
الاسم الشخصي الدسوقي, زياد
علاقة الشخص بالعمل/ دوره مؤلف.
700 1# - مدخل إضافي - اسم شخصي
الاسم الشخصي الشبلي, هيثم
علاقة الشخص بالعمل/ دوره مؤلف.
700 1# - مدخل إضافي - اسم شخصي
الاسم الشخصي النسور, أحمد
علاقة الشخص بالعمل/ دوره مؤلف.
700 1# - مدخل إضافي - اسم شخصي
الاسم الشخصي تادرس, ابراهيم
علاقة الشخص بالعمل/ دوره مؤلف. .
700 1# - مدخل إضافي - اسم شخصي
الاسم الشخصي اللحام, محمد
علاقة الشخص بالعمل/ دوره مؤلف.
700 1# - مدخل إضافي - اسم شخصي
الاسم الشخصي حسين, عارف
علاقة الشخص بالعمل/ دوره مؤلف.
942 ## - بيانات إضافية (كوها)
نوع التنصيف Dewey Decimal Classification
نوع المادة (كوها) كتب
المقتنيات
حالة السحب حالة الفقدان مصدر التصنيف حالة التلف غير قابل للإعارة المكتبة الرئيسية المكتبة الحالية موقع الرف تاريخ التزويد الرقم المتسلسل Total Checkouts رقم الإستدعاء الباركود تاريخ آخر ظهور تاريخ الفاتورة نوع المادة (كوها)
    Dewey Decimal Classification     المكتبة المركزية المكتبة المركزية الإعارة 22/09/2016 1627494   004/دسو PLD00395594 28/07/2025 22/09/2016 كتب
    Dewey Decimal Classification     مكتبة أبو علندا العامة مكتبة أبو علندا العامة الإعارة 08/02/2009 586022   004/دسو PLD00072193 28/07/2025 08/02/2009 كتب
    Dewey Decimal Classification     مكتبة أم قصير والمقابلين العامة مكتبة أم قصير والمقابلين العامة الإعارة 28/07/2025 586030   004/دسو 586030 28/07/2025 28/07/2025 كتب
    Dewey Decimal Classification     مكتبة وادي السير العامة مكتبة وادي السير العامة الإعارة 28/07/2025 586031   004/دسو 586031 28/07/2025 28/07/2025 كتب
Implemented & Customized by: BBB with SCIT (Smart Chains for Information Technology)

Powered by Koha